000 00639nam a2200217 a 4500
001 BRL_708
005 20190320210849.0
008 270913s1980----nq-#######---#000-p#spa-#
041 _aspa
044 _anq
050 4 _aPQ7519.D3
_b.P64 1980
245 1 0 _aPoesía campesina de Solentiname
_cSelección y prólogo de Mayra Jiménez.
260 _aManagua, Nicaragua
_bMinisterio de Cultura
_c1980
300 _a187 p.
_c21 cm.
440 0 _aColección popular de literatura nicaragüense
_v4
_924703
500 _aAu782
650 1 4 _aPoesía nicaragüense
_924704
700 1 _aJiménez, Mayra
_924705
902 _aGRL
942 _2lcc
_cB
999 _c9520
_d9520